000 00414nam a22001577a 4500
999 _c17601
_d17601
003 OSt
005 20221109145307.0
008 221109b ||||| |||| 00| 0 eng d
040 _c0
100 _aCastillo, Musong R.
_946754
245 _aTabuena reigns at Luisita after playoff /
260 _aPhilippines ;
_cMarch 26, 2022.
_bInquirer,
300 _apage A12.
650 _aSports.
_946755
942 _2ddc
_cPER